Countries of the World by Initials of Bordering Pairs in 90 Seconds - Statistics

General Stats
  • This quiz has been taken 4,665 times
  • The average score is 116 of 196
Answers on the Map
Answers color-coded by a green-red scale on the quiz's map according to % correct below.
 
Answer Stats
Initials Country % Correct
A Antigua and Barbuda
97%
A Australia
97%
C Cape Verde
97%
C Comoros
97%
C Cuba
97%
C Cyprus
97%
S Saint Kitts and Nevis
95%
S Saint Lucia
95%
S Saint Vincent and the Grenadines
95%
S Samoa
95%
S São Tomé and Príncipe
95%
S Seychelles
95%
S Singapore
95%
S Solomon Islands
95%
SI, (S) Sri Lanka
95%
RA, RB, RC, RE, RF, RG, RK, RL, RL, RM, RN, RN, RP, RU Russia
94%
B Bahamas
93%
B Bahrain
93%
B Barbados
93%
CA, CB, CB, CI, CK, CK, CL, CM, CN, CN, CP, CR, CT, CV China
92%
I Iceland
92%
M Madagascar
92%
M Maldives
92%
M Malta
92%
M Marshall Islands
92%
M Mauritius
92%
N Nauru
88%
N New Zealand
88%
SA, SF, SM, SP, SU Spain
87%
P Palau
86%
P Philippines
86%
UB, UH, UM, UP, UR, UR, US Ukraine
86%
AB, AB, AC, AP, AU Argentina
85%
AC, AI, AP, AT, AT, AU Afghanistan
83%
G Grenada
82%
IB, IB, IB, IC, IN, IP, IS India
82%
MA, MB, MC, MG, MM, MN, MS Mali
81%
BA, BB, BC, BF, BG, BP, BP, BS, BU, BV Brazil
80%
SC, SD, SE, SK, SS, SU South Sudan
80%
F Federated States of Micronesia
79%
F Fiji
79%
SI, SJ, SK, SO, SQ, SU, SY Saudi Arabia
79%
SA, SC, SH, SP, SU Slovakia
79%
AC, AG, AH, AI, AL, AS, AS, AS Austria
78%
CA, CB, CP Chile
78%
CA, CG, CP, CS Czech Republic
76%
SA, SF, SG, SI, SL Switzerland
76%
T Taiwan
75%
T Tonga
75%
T Trinidad and Tobago
75%
T Tuvalu
75%
UC, UM United States
75%
LA, LC, LE, LN, LS, LT Libya
74%
PB, PC, PG, PL, PR, PS, PU Poland
74%
SB, SL, SM, SN, SS, SZ South Africa
74%
BA, BB, BC, BP, BP Bolivia
73%
CU Canada
73%
UD, UK, UR, US, UT Uganda
73%
UI, US United Kingdom
73%
AL, AM, AM, AM, AN, AT Algeria
72%
PA, PC, PI, PI Pakistan
72%
GA, GB, GC, GD, GF, GL, GN, GP, GS Germany
71%
NA, NB, NS, NZ Namibia
71%
RB, RH, RM, RS, RU Romania
71%
D Dominica
70%
FA, FB, FB, FG, FI, FL, FM, FN, FS, FS, FS France
70%
MB, MG, MU Mexico
70%
CB, CH, CM, CS, CS Croatia
69%
K Kiribati
69%
MA, MB, MC, MK, MS Montenegro
69%
NC, NR, NS North Korea
68%
BL, BL, BP, BR, BU Belarus
67%
CB, CE, CP, CP, CV Colombia
67%
IA, IA, IA, II, IP, IT, IT Iran
67%
SF, SN Sweden
67%
CC, CC, CE, CG, CN, CR Cameroon
66%
MA, MB, MG, MK, MS Macedonia
66%
NA, NB, NB, NC, NL, NM, NN Niger
66%
BG, BM, BR, BS, BT Bulgaria
65%
BB, BC, BG, BM, BN, BT Burkina Faso
65%
KC, KK, KR, KT, KU Kazakhstan
65%
SC, SC, SE, SE, SE, SL, SS Sudan
65%
EI, EL, ES Egypt
63%
PB, PB, PC, PC, PE Peru
63%
FN, FR, FS Finland
61%
II, IJ, IK, IS, IS, IT Iraq
61%
MA, MM, MM, MS Mauritania
60%
MA, MM, MS Morocco
60%
NF, NR, NS Norway
60%
GB, GE, GH, GM Guatemala
59%
NC, NI Nepal
59%
V Vanuatu
59%
CC, CC, CD, CR, CS, CS Central African Republic
58%
J Jamaica
58%
J Japan
58%
PA, PB, PB Paraguay
58%
CC, CC, CL, CN, CN, CS Chad
57%
IA, IF, IS, IS, IS, IV Italy
57%
SB, SF, SG Suriname
57%
SI, SI, SJ, SL, ST Syria
57%
BB, BC, BI, BL, BT Burma
56%
GA, GB, GM, GT Greece
56%
KC, KK, KT, KU Kyrgyzstan
56%
RB, RD, RT, RU Rwanda
56%
SA, SC, SH, SI Slovenia
56%
SN South Korea
56%
TA, TA, TB, TG, TG, TI, TI, TS Turkey
56%
TA, TI, TK, TU Turkmenistan
56%
UA, UK, UK, UT, UT Uzbekistan
56%
AA, AG, AI, AR, AT Azerbaijan
55%
CB, CG, CG, CL, CM Cote d'Ivoire
55%
MC, MR Mongolia
55%
ED, EE, EK, ES, ES, ES Ethiopia
54%
ED, EE, ES Eritrea
53%
IE, IM, IP Indonesia
52%
MR, MU Moldova
52%
NB, NC, NC, NN Nigeria
52%
TA, TC, TK, TU Tajikistan
52%
IE, IJ, IL, IS Israel
51%
RA, RC, RC, RD, RG Republic of the Congo
51%
SD, SE, SK Somalia
51%
CN, CP Costa Rica
50%
KE, KS, KS, KT, KU Kenya
50%
AA, AG, AI, AT Armenia
49%
SB, SB, SC, SH, SK, SM, SM, SR Serbia
49%
TB, TD, TK, TM, TM, TR, TU, TZ Tanzania
49%
UA, UB Uruguay
49%
AG, AK, AM, AM Albania
48%
VB, VC, VG Venezuela
48%
AD, AN, AR, AZ Angola
47%
BF, BG, BL, BN Belgium
47%
EC, EP Ecuador
47%
GC, GG, GL, GM, GS, GS Guinea
47%
MM, MS, MS, MT, MZ, MZ Mozambique
47%
OS, OU, OY Oman
47%
BC, BM, BS Bosnia and Herzegovina
46%
IU Ireland
46%
LB, LE, LL, LR Latvia
46%
LA, LS Liechtenstein
46%
DA, DB, DC, DR, DR, DS, DT, DU, DZ Democratic Republic of the Congo
45%
GB, GS, GV Guyana
45%
MB, MI, MT Malaysia
45%
UO, UQ, US United Arab Emirates
45%
CL, CT, CV Cambodia
43%
LB, LC, LC, LT, LV Laos
43%
PS Portugal
43%
TB, TC, TL, TM Thailand
43%
EL, ER Estonia
42%
HA, HC, HR, HS, HS, HS, HU Hungary
42%
MM, MT, MZ Malawi
41%
TA, TL Tunisia
41%
BG, BM Belize
40%
BB, BN, BN, BT Benin
40%
PI Papua New Guinea
40%
VC, VC, VL Vietnam
40%
BC, BI Bhutan
39%
BN, BS, BZ, BZ Botswana
39%
EC, EG Equatorial Guinea
39%
NC, NH Nicaragua
39%
SI San Marino
39%
SG, SL Sierra Leone
39%
SM, SS Swaziland
39%
GB, GC, GT Ghana
38%
BB, BI Bangladesh
37%
BD, BR, BT Burundi
37%
PC, PC Panama
37%
YO, YS Yemen
37%
GC, GE, GR Gabon
35%
EG, EH El Salvador
34%
LI, LS Lebanon
34%
LC, LG, LS Liberia
34%
NB, NF, NG Netherlands
34%
ZA, ZB, ZD, ZM, ZM, ZN, ZT, ZZ Zambia
34%
SG, SG, SG, SM, SM Senegal
33%
GA, GA, GR, GT Georgia
32%
LB, LL, LP, LR Lithuania
32%
HE, HG, HN Honduras
31%
ZB, ZM, ZS, ZZ Zimbabwe
30%
AF, AS Andorra
27%
DG Denmark
27%
GG, GS Guinea-Bissau
27%
KA, KM, KM, KS Kosovo
27%
DH Dominican Republic
26%
HD Haiti
26%
LS Lesotho
26%
GS Gambia
24%
DE, DE, DS Djibouti
23%
TB, TB, TG Togo
23%
BM Brunei
21%
KI, KS Kuwait
18%
LB, LF, LG Luxembourg
17%
JI, JI, JS, JS Jordan
16%
VI Vatican City
15%
EI East Timor
14%
QS, (QU) Qatar
11%
MF Monaco
6%
No matching quizzes found
Score Distribution
Percent of People with Each Score
Percentile by Number Answered
Your Score History
You have not taken this quiz